000 00745nam a2200229Ia 4500
001 17431
003 GE_BSU
008 181216s||||||||xx |||||||||||||| ||und||
040 _cGE_BSU
080 _a82-93:821.353.1-1
100 _aკაჭახიძე,გიორგი
245 _aმალხაზებისთვის რაც მიმღერია
245 _bლექსები
245 _cრედ.: ვ.ძიძიგური;მხატვ.:გ. ფოცხიშვილი
260 _aთბილისი
260 _bსაბლიტგამი
260 _c1959
300 _a294გვ.;21სმ
300 _eილ.1ფ.პორტ.
653 _aლექსები
942 _cBK
999 _c50483
_d50483